| 000 | 00614nam a2200229 a 4500 | ||
|---|---|---|---|
| 008 | |||
| 020 | _a0304319066 (pbk.) | ||
| 049 | _aMAIN | ||
| 090 | _aHF5635PIZ | ||
| 100 | 1 | _aPizzey, Alan. | |
| 245 | 1 | 0 |
_aAccounting and finance : _ba firm foundation / _cAlan Pizzey. |
| 250 | _a3rd ed. | ||
| 260 |
_aLondon : _bCassell, _c1990. |
||
| 300 |
_ax, 516 p. : _bill. ; _c24 cm. |
||
| 500 | _aIncludes index. | ||
| 650 | 0 | _aAccounting. | |
| 907 |
_a.b10054212 _b14-05-09 _c17-04-03 |
||
| 003 | |||
| 005 | 20230123133457.0 | ||
| 040 | _cNUST | ||
| 942 |
_cBOOKS _kHF5635PIZ |
||
| 999 |
_c149261 _d149261 |
||